000 00694cab a2200193 4500
001 L136614
008 070212n2007 000 0 eng u
035 _a(Sirsi) u136614
041 0 _aeng
100 1 _aSeaton, Alistair
245 0 0 _aEurope
_bpoised for office rental growth
260 _c2007
490 0 _aProperty Forecast
_v10(1) January 2007, 4-5(2)
520 _aDiscusses the expansion of European economies, and how this will affect the office rental market. Reports on reduced vacancy rates, an increase in construction and high returns for investments.
590 _aKA
651 4 _aEUROPE
690 _aPROPERTY-COMMERCIAL PROPERTY-COMMERCIAL PROPERTY MARKET
942 _n0
999 _c78370
_d78370